000 00805nam a2200241Ia 4500
999 _c10343
_d10343
008 200103s 2011 ||||xx |||||||||||||| ||und||
020 _a8185099146
082 _a670.42
_bCHO
100 _aChoudhury, S.K. Hajra
245 0 _aElements of workshop technology: manufacturing processes, SI and MKS units, Vol. 1
250 _a15th
260 _bMedia Promoters & Publishers Pvt. Ltd., Mumbai
_c2011
_aMumbai
300 _axiv, 670 p.: ill.
504 _aIncludes index, question papers
650 _aMachine-shop practice
650 _aMechanical engineering
650 _aMachine-tools
650 _aWorkshops - Equipment and supplies
700 _aChoudhury, A.K. Hajra
_eCo-author
700 _aRoy, Nirjhar
_eCo-author
700 _aBhattacharya,S.C.
_eCollaborator
942 _cBK